Účtovná závierka 2003 pre účtovné jednotky účtujúce v sústave jednoduchého účtovníctva.....

Účtovná závierka 2003 pre účtovné jednotky účtujúce v sústave jednoduchého účtovníctva, ktoré podnikajú alebo vykonávajú samostatne zárobkovú činnosť, ak preukazujú svoje výdavky vynaložené na dosiahnutie, zabezpečenie a udržanie príjmov na účely zistenia základu dane z príjmov.

Enregistré dans:
Détails bibliographiques
Auteur principal: Vanko, Jozef
Format: Chapitre de livre
Langue:slovaque
Sujets:
Tags: Ajouter un tag
Pas de tags, Soyez le premier à ajouter un tag!

MARC

LEADER 00000naa$a2200000$$$4500
001 0005211
005 20231106065744.3
041 0 |a slo 
044 |a SK 
245 1 0 |a Účtovná závierka 2003 pre účtovné jednotky účtujúce v sústave jednoduchého účtovníctva.....  |c aut. Jozef Vanko 
520 |a Účtovná závierka 2003 pre účtovné jednotky účtujúce v sústave jednoduchého účtovníctva, ktoré podnikajú alebo vykonávajú samostatne zárobkovú činnosť, ak preukazujú svoje výdavky vynaložené na dosiahnutie, zabezpečenie a udržanie príjmov na účely zistenia základu dane z príjmov. 
610 2 0 |a účtovníctvo 
610 2 0 |a účtovníctvo jednoduché 
610 2 0 |a závierka účtovná 
610 2 0 |a jednotka účtovná 
610 2 0 |a 2003 
100 1 |a Vanko, Jozef